000 00434nam a2200205Ia 4500
001 002305
003 YMCAF
005 20230512160136.0
008 100717s1971 ||||||||||||||||| ||und|d
024 _a2305
035 _a2285
040 _aYMCAF
_beng
_cIN-KoLT
041 _aeng
082 _aMAT-SRI
100 _aSRIUATH L.S.
245 0 _aMATHEMENTICAL TABLES FOR ENGG.
260 _c1971
300 _a78
942 _2ddc
_cBK
999 _c1860
_d1860